[Event "USA-ch"]
[Site "Parsippany"]
[Date "1996.??.??"]
[Round "13"]
[White "Alburt, Lev O"]
[Black "Kaidanov, Gregory S"]
[Result "1-0"]
[WhiteElo "2560"]
[BlackElo "2580"]
[PlyCount "95"]
[EventDate "1996.07.13"]
[EventType "tourn"]
[EventRounds "13"]
[EventCountry "USA"]
[EventCategory "12"]
[SourceTitle "CBM 055"]
[Source "ChessBase"]
[SourceDate "1996.12.01"]
[SourceVersion "1"]
[SourceVersionDate "1996.12.01"]
[SourceQuality "1"]

1. Nf3 d5 2. c4 dxc4 3. e3 e6 4. Bxc4 c5 5. O-O ({RR} 5. b3 Nf6 6. Bb2 Nc6 7. O-O Be7 8. Qe2 a6 9. a4 b6 10. Rd1 Bb7 11. Nc3 O-O 12. d4 Qc7 13. d5 exd5 14. Nxd5 Nxd5 15. Bxd5 Rad8 16. e4 Nb4 17. Bc4 Qf4 18. Rxd8 Bxd8 19. Re1 Bc7 {Vaisser,A (2581)-Skripchenko,A (2497) Val d'Isere 2002 1-0}) 5... Nf6 6. Qe2 a6 ({RR} 6... Nc6 7. Rd1 Qc7 8. Nc3 a6 9. a4 Nb4 10. d4 Be7 11. a5 Nc6 12. d5 exd5 13. Nxd5 Nxd5 14. Bxd5 Nxa5 15. e4 Nc6 16. Be3 O-O 17. Rac1 Nb4 18. Qc4 Nxd5 19. exd5 b5 20. Qe4 Bd6 21. Bxc5 {Frayna,J (2243)-Skvortsov,A (2294) chess.com INT 2023 1-0}) 7. a3 b5 $146 ({RR} 7... Be7 8. Rd1 O-O 9. Ba2 b5 10. d4 cxd4 11. e4 Nc6 12. e5 Nd7 13. Nxd4 Nxd4 14. Rxd4 Qc7 15. Bf4 Bb7 16. Nc3 Rfd8 17. Rc1 Qb6 18. Be3 Qa5 19. b4 Qxa3 20. Nb1 Qa4 21. Qb2 Nxe5 22. Bb3 {Alburt,L (2565)-Zaltsman,V (2435) Philadelphia 1990 1-0 (38)}) 8. Ba2 Bb7 9. a4 Nbd7 10. Na3 bxa4 11. Nc4 Be7 12. d3 Nd5 13. Bb1 Bc6 14. Bc2 O-O 15. Bd2 N5b6 16. e4 Nxc4 17. dxc4 Bf6 18. Bc1 Qa5 19. e5 Be7 20. Bd2 Qc7 21. Bc3 Rfe8 22. Rfe1 Nf8 23. h4 Qb7 24. h5 h6 25. Nd2 Rad8 26. Ne4 Nh7 27. f4 f5 28. Nd2 Bh4 29. Rf1 Nf8 30. Kh2 Qf7 31. g4 Rd7 32. Rg1 Red8 33. Nf1 Kh8 34. Kh3 fxg4+ 35. Kxh4 g5+ 36. hxg6 Nxg6+ 37. Bxg6 Qxg6 38. Rxg4 Qf7 39. f5 Kh7 40. f6 Rg8 41. Rd1 Rxd1 42. Qxd1 Be8 43. Qd3+ Kh8 44. Rxg8+ Qxg8 45. Qg3 Bg6 46. Qe3 Kh7 47. Bd2 Qf8 48. Ng3 1-0

[Event "Bonn GSK"]
[Site "Bonn"]
[Date "1996.??.??"]
[Round "?"]
[White "Kengis, Edvins"]
[Black "Miezis, Normunds"]
[Result "1-0"]
[WhiteElo "2560"]
[BlackElo "2530"]
[Annotator "ChessBase"]
[PlyCount "69"]
[EventDate "1996.08.??"]
[EventType "tourn"]
[EventRounds "12"]
[EventCountry "GER"]
[EventCategory "12"]
[SourceTitle "CBM 056"]
[Source "ChessBase"]
[SourceDate "1997.02.01"]
[SourceVersion "1"]
[SourceVersionDate "1997.02.01"]
[SourceQuality "1"]

1. Nf3 {Mekhitarian,Krikor Sevag} e6 2. g3 b5 3. d4 ({RR} 3. e4 Bb7 4. Qe2 c5 5. Bg2 a6 6. O-O Nf6 7. e5 Nd5 8. b3 Nc6 9. Bb2 Be7 10. Nc3 ({RR} 10. c4 bxc4 11. bxc4 Nb6 12. Nc3 O-O 13. Rab1 d5 14. exd6 Qxd6 15. Ne4 Qc7 16. Rfe1 Rad8) 10... Nxc3 11. dxc3 O-O 12. Rad1 Qc7 13. c4 Rad8 14. h4 ({RR} 14. cxb5 axb5 15. Qxb5 Ra8) 14... f6 15. exf6 Bxf6 16. Bxf6 gxf6 ({RR} 16... Rxf6) 17. cxb5 ({RR} 17. c3 bxc4 ({RR} 17... b4 18. Qe3 Ne7 19. cxb4 cxb4 20. Rfe1) 18. Qxc4) 17... axb5 {Kramnik,V (2812)-Carlsen,M (2855) Leuven 2016 CBM 173 [Mekhitarian,Krikor Sevag] 0-1 (54)}) ({RR} 3. Na3 b4 4. Nc4 d5 5. Ne3 Nf6 6. d4 c5 7. Bg2 Bb7 8. O-O Nbd7 9. a3 a5 10. axb4 axb4 11. Rxa8 Qxa8 12. Bd2 Be7 13. c4 bxc3 14. Bxc3 O-O 15. dxc5 Bxc5 16. Bd4 Rc8 17. Bxc5 Nxc5 {Dragicevic,D (2332)-Santos Latasa,J (2628) Skopje MKD 2024 0-1 (63)}) 3... Bb7 4. Qd3 a6 5. Bg2 $146 ({RR} 5. e4 c5 6. Bg2 cxd4 7. Nxd4 Nc6 8. Nxc6 Bxc6 9. O-O Ne7 10. b3 Ng6 11. Bb2 f6 12. Nd2 Bc5 13. Nf3 O-O 14. Nd4 Bb7 15. Kh1 Qb6 16. f4 Rad8 17. Nf3 d6 18. a3 Qc7 19. b4 Bb6 {Komarov,D (2582)-Atalik,S (2598) Vrnjacka Banja 1999 0-1 (32)}) ({RR} 5. e4 Nf6 6. Nbd2 c5 7. Bg2 cxd4 8. O-O Nc6 9. Nxd4 Ne5 10. Qe2 Qb6 11. c3 Be7 12. f4 Nc6 13. N2b3 e5 14. fxe5 Nxe5 15. Kh1 O-O 16. Nf5 Bc5 17. Bg5 Rfe8 18. Nxg7 Kxg7 19. Bxf6+ Kg8 {Morris,C (2253)-Lutton,E (1672) Birmingham 2002 1-0}) 5... Nf6 6. Bg5 c5 7. dxc5 Bxc5 8. O-O h6 9. Bxf6 Qxf6 10. c3 d5 11. Nbd2 O-O 12. a4 b4 13. Nb3 Nd7 14. Na5 Rfb8 15. c4 Qxb2 16. Nxb7 Rxb7 17. cxd5 Rba7 18. dxe6 fxe6 19. Ng5 Re8 20. Nxe6 Rxe6 21. Bd5 Qe5 22. Qc4 Kf7 23. Rad1 Kf6 24. Bxe6 Nb6 25. Qc2 Kxe6 26. a5 Nd7 27. Qc4+ Ke7 28. Rd5 Qb8 29. Rfd1 Qb5 30. Qe4+ Kd8 31. Qe6 Rb7 32. Qg8+ Ke7 33. Rf5 Rb8 34. Rf7+ Ke6 35. Qxg7 (35. Rf8+ $142 Ke7 (35... Ke5 36. Qd5#) 36. Qf7#) 1-0

[Event "Geneve PCA-GP Credit Suisse"]
[Site "Geneve"]
[Date "1996.09.01"]
[Round "3.2"]
[White "Anand, Viswanathan"]
[Black "Speelman, Jonathan S"]
[Result "1-0"]
[WhiteElo "2750"]
[BlackElo "2625"]
[Annotator "Anand,Viswanathan"]
[PlyCount "65"]
[EventDate "1996.08.??"]
[EventType "k.o. (rapid)"]
[EventRounds "4"]
[EventCountry "SUI"]
[SourceTitle "CBM 054 Extra"]
[Source "ChessBase"]
[SourceDate "1996.11.01"]
[SourceVersion "1"]
[SourceVersionDate "1996.11.01"]
[SourceQuality "1"]

1. Nf3 {ChessBase} d5 2. c4 d4 3. g3 Nc6 4. Bg2 e5 5. d3 Nf6 6. O-O Nd7 7. e3 Bc5 ({RR} 7... Be7 8. exd4 exd4 9. Nbd2 Nc5 10. Nb3 Ne6 11. Re1 O-O 12. Ne5 Nxe5 13. Rxe5 Bf6 14. Re1 a5 15. Bd2 c6 ({RR} 15... a4 16. Na5 c6 17. b4 axb3 18. axb3 Nc5) 16. a4 Ra7 ({RR} 16... c5 17. Bd5 Qb6) 17. c5 Bd7 18. Qc2 {½-½ (18) Anand,V (2803)-Vallejo Pons,F (2684) Leon 2008 CBM 124 Extra [ChessBase]}) ({RR} 7... Be7 8. exd4 exd4 9. Na3 Nc5 10. Nc2 a5 11. Re1 O-O 12. Bf4 Bf6 13. Ne5 Nxe5 14. Bxe5 Bf5 15. Nxd4 Bxd3 16. Bxb7 Bxe5 17. Nc6 Qf6 18. Nxe5 Rad8 19. Qf3 Nxb7 20. Qxb7 Bf5 21. Qxc7 Rd2 22. Qxa5 {Ramirez Alvarez,A (2562)-Cardoso Cardoso,J (2447) Mexico City 2021 1-0}) 8. exd4 Nxd4 9. Nbd2 O-O 10. Nb3 $146 ({RR} 10. Nxd4 Bxd4 11. Nf3 Bc5 12. Bd2 a5 13. Bc3 f6 14. d4 exd4 15. Nxd4 Ne5 16. Nb3 Bb4 17. Qe1 Bxc3 18. Qxc3 Qd3 19. f4 Qxc3 20. bxc3 Ng6 21. Nd4 Rd8 22. Rab1 c6 23. Rfe1 Kf7 24. Rb2 a4 {Fedorowicz,J (2469)-Benjamin,J (2571) Bunratty 2007 0-1 (58)}) 10... Nxb3 $2 (10... Nxf3+ 11. Qxf3 Be7 {c6=}) 11. axb3 c6 12. Bd2 Nf6 $2 {Black doesn't get anything for the pawn. He should have just accepted a passive position.} (12... Re8 13. Bc3 {Re1}) 13. Nxe5 Bd4 14. Bc3 Bf5 15. Re1 Qd6 16. Qf3 Be6 17. Qf4 Rfd8 18. b4 $1 {Tempting Black to take back the P.} Bxe5 19. Rxe5 Qxd3 20. Rg5 Ne8 21. Qe5 Kf8 22. Rxg7 $1 Nxg7 23. Qxg7+ Ke8 24. Re1 $1 {I don't see a defence for Black here.} Qg6 25. Qe5 {Once White gets his K to h2, he can bring the R to the attack.} Kf8 26. b5 $1 Rac8 27. bxc6 bxc6 28. h4 Re8 29. Kh2 {Preparing Re4 etc. Black is helpless.} f6 30. Qd6+ Kf7 31. Rxe6 Rxe6 32. Qd7+ Re7 33. Qxc8 1-0

[Event "Women-Veterans"]
[Site "London"]
[Date "1996.??.??"]
[Round "7"]
[White "Smyslov, Vassily V"]
[Black "Cramling, Pia"]
[Result "1-0"]
[WhiteElo "2510"]
[BlackElo "2545"]
[Annotator "King,Daniel J"]
[PlyCount "211"]
[EventDate "1996.08.15"]
[EventType "schev"]
[EventRounds "5"]
[EventCountry "ENG"]
[SourceTitle "CBM 055"]
[Source "ChessBase"]
[SourceDate "1996.12.01"]
[SourceVersion "1"]
[SourceVersionDate "1996.12.01"]
[SourceQuality "1"]

1. Nf3 Nf6 2. g3 g6 3. b4 Bg7 4. Bb2 O-O 5. Bg2 d5 6. O-O c6 7. d3 a5 8. a3 axb4 9. axb4 Rxa1 10. Bxa1 Na6 ({RR} 10... Nbd7 11. Nbd2 Qc7 12. c4 e5 13. cxd5 cxd5 14. Qc1 Qd6 15. Qb2 Ne8 16. e4 dxe4 17. dxe4 b5 18. Rc1 Bb7 19. Bf1 f5 20. Bxb5 fxe4 21. Bc4+ Kh8 22. Ng5 Bd5 23. Ndxe4 Qc6 24. Bb3 Qb7 25. Bxd5 {Rosh,J (2076)-Yunker,A (1872) chess.com INT 2024 1-0 (46)}) 11. c3 Ne8 ({RR} 11... Re8 12. Nbd2 e5 13. e4 Nc7 14. Qc2 b5 15. Re1 Nd7 16. Nb3 Nb6 17. Na5 Qd6 18. Bb2 h6 19. Bc1 Na4 20. Be3 Ne6 21. Bd2 Bd7 22. c4 dxc4 23. dxc4 Nd4 24. Nxd4 exd4 25. Qb3 Nc3 26. Nb7 {Topalov,V (2798)-Caruana,F (2805) Stavanger 2015 0-1 (50)}) 12. Nbd2 Bg4 $146 ({RR} 12... e5 13. Qb1 Nac7 14. c4 d4 15. e3 Ne6 16. exd4 exd4 17. Re1 f5 18. c5 {½-½ (18) De Leon,J-Lopez Hernandez,C (2275) Fuerteventura 1992}) ({RR} 12... Nd6 13. Qa4 Bd7 14. c4 Bxa1 15. Rxa1 dxc4 16. dxc4 Be6 17. Nd4 Nc7 18. Nxe6 Nxe6 19. Qa7 Nc8 20. Qa2 Qd4 21. e3 Qc3 22. Ne4 Qd3 23. h4 Nb6 24. Rc1 Ra8 25. Qd2 Qxd2 26. Nxd2 Ra2 27. Nb3 {Campora,D (2530)-Zambrana,O (2427) Ayamonte 2006 ½-½ (31)}) 13. h3 Bxf3 14. Nxf3 Nd6 15. Re1 Qb6 16. e4 dxe4 17. dxe4 Rd8 18. Qe2 Nb5 19. e5 Nbc7 20. Rd1 Ne6 21. Rxd8+ Qxd8 22. Ne1 Qb8 23. Nd3 Qa7 24. Qa2 Qb6 25. Bb2 Qc7 26. c4 Qd8 27. Qa3 Nd4 28. Kh2 Nc7 29. Qa7 Nde6 30. Qe3 Qa8 $1 {Black is under pressure but finds a neat way to gain counterplay.} 31. Nc5 Qa2 32. Qb3 Qb1 33. Bc3 Qf5 {A long journey, but worth it. Black's queen has found an active square and White is under some pressure.} 34. Qb2 Nxc5 35. bxc5 Qc8 36. Ba5 Na6 37. Qd4 e6 38. Bb6 Bf8 39. f4 Be7 40. g4 Nb8 41. Qa1 Na6 42. Qd4 g5 43. fxg5 Bxg5 44. Kg3 Be7 45. h4 h6 46. Be4 Qb8 47. Kh3 Bf8 48. g5 hxg5 49. hxg5 Bg7 50. g6 Qe8 51. gxf7+ Qxf7 52. Qd8+ Qf8 53. Qh4 Qf1+ 54. Kg4 Qd1+ 55. Kg5 Qg1+ 56. Kh5 Qd1+ 57. Kg6 Qd7 58. Qh2 Bh8 59. Kg5 Qg7+ 60. Bg6 Qxe5+ 61. Qxe5 Bxe5 62. Be8 Kf8 63. Bd7 Ke7 64. Bc8 Nb4 65. Kg4 Na2 66. Kf3 Nc3 67. Ke3 Na4 68. Kd3 Nb2+ 69. Ke4 Bh2 70. Kd4 Na4 71. Bxb7 Kd7 72. Kd3 Bg1 73. Kc2 Bxc5 74. Ba5 Bd6 75. Ba8 Bf4 76. Kb3 Nc5+ 77. Kc3 Be5+ 78. Kc2 Bf6 79. Bb6 Ne4 80. Kd3 Ng5 81. c5 Nf7 82. Bb7 Bd8 83. Ba6 Bc7 84. Kd4 Bb8 85. Ba5 Ng5 86. Be2 e5+ 87. Kc4 Ke7 88. Bd2 Ne6 89. Be3 e4 90. Bg4 Kf6 91. Bh3 Ke5 92. Bc1 Ba7 93. Bb2+ Kf4 94. Bxe6 e3 95. Bd7 e2 96. Bc3 Ke3 97. Be1 Ke4 98. Bxc6+ Ke5 99. Bf3 Kf4 100. Bxe2 Ke3 101. Bf1 Kf4 102. c6 Bb6 103. Kb5 Bc7 104. Ba5 Bd6 105. c7 Bxc7 106. Bxc7+ 1-0

[Event "Donner Memorial"]
[Site "Amsterdam"]
[Date "1996.08.25"]
[Round "8"]
[White "Kamsky, Gata"]
[Black "Hodgson, Julian M"]
[Result "1-0"]
[WhiteElo "2745"]
[BlackElo "2550"]
[PlyCount "77"]
[EventDate "1996.08.17"]
[EventType "tourn"]
[EventRounds "11"]
[EventCountry "NED"]
[EventCategory "16"]
[SourceTitle "CBM 055"]
[Source "ChessBase"]
[SourceDate "1996.12.01"]
[SourceVersion "1"]
[SourceVersionDate "1996.12.01"]
[SourceQuality "1"]

1. Nf3 b5 2. e4 Bb7 3. d3 ({RR} 3. Bxb5 Bxe4 4. c4 Nf6 5. Nc3 Bb7 6. O-O e6 7. d4 Be7 8. Re1 O-O 9. a3 Bxf3 10. Qxf3 c6 11. Ba4 d5 12. Qe2 Qc7 13. Bg5 h6 14. Bh4 Qb7 15. Rab1 Nbd7 16. Bc2 dxc4 17. Qxc4 Rfd8 {Ehlvest,J (2524)-Andreikin,D (2743) Almaty 2016 0-1 (66)}) ({RR} 3. e5 a6 4. d4 e6 5. c4 bxc4 6. Bxc4 Ne7 7. Nc3 d5 8. exd6 cxd6 9. d5 e5 10. Qb3 Qd7 11. a4 Ng6 12. a5 Qc7 13. O-O Nd7 14. Be3 Rb8 15. Rfc1 Bc8 16. Qa4 Be7 17. Nb5 axb5 {Hodgson,J (2535)-Arkell,K (2450) Plymouth 1989 1-0}) 3... a6 ({RR} 3... e6 4. g3 Nf6 5. Bg2 c5 6. O-O Be7 7. Nc3 b4 8. Ne2 d5 9. Nd2 Nc6 10. f4 O-O 11. e5 Nd7 12. g4 f6 13. exf6 Nxf6 14. Ng3 Qb6 15. g5 Nd7 16. Bh3 Nd4 17. c3 Nf5 18. Re1 {Grutter,T (2417)-Paulsen,D (2309) chess.com INT 2025 1-0 (33)}) 4. g3 d6 $146 ({RR} 4... g6 5. Bg2 Bg7 6. O-O c5 7. a4 Nc6 8. c3 Nf6 9. axb5 axb5 10. Rxa8 Qxa8 11. Na3 b4 12. Nc4 d5 13. Nb6 Qd8 14. Nxd5 Nxd5 15. exd5 Qxd5 16. Ng5 Qa2 17. Ne4 Ne5 18. d4 cxd4 19. cxd4 {Dirr,U (2242)-Ter Minasjan,D (2286) Bayern 2010 ½-½}) 5. a4 Nd7 6. Bh3 g6 7. O-O Ngf6 8. axb5 axb5 9. Rxa8 Bxa8 10. Na3 Qb8 11. Bg5 Bg7 12. Qd2 O-O 13. Re1 c5 14. b4 Bc6 15. bxc5 Nxc5 16. Nd4 Be8 17. Bg2 b4 18. Nc4 e5 19. Nb3 Ne6 20. Be3 Ng4 21. Bb6 Bb5 22. Qxb4 Bxc4 23. dxc4 Rc8 24. Qb5 Nd4 25. Nxd4 exd4 26. Rd1 Ne5 27. Bxd4 Nxc4 28. Qb3 Qc7 29. Bxg7 Kxg7 30. Bh3 Na5 31. Qb4 Rd8 32. Ra1 Ra8 33. Bf1 f6 34. Qb5 Ra7 35. Qd5 Qc5 36. h4 Nc6 37. Rxa7+ Nxa7 38. Qb7+ Kh6 39. Qf7 1-0

[Event "Bundesliga 9697"]
[Site "Germany"]
[Date "1996.??.??"]
[Round "?.2"]
[White "Slobodjan, Roman"]
[Black "Huebner, Robert"]
[Result "1-0"]
[WhiteElo "2520"]
[BlackElo "2595"]
[PlyCount "77"]
[EventDate "1996.10.12"]
[EventType "team-tourn"]
[EventRounds "15"]
[EventCountry "GER"]
[SourceTitle "GER-chT"]
[Source "ChessBase"]
[SourceDate "1999.07.01"]
[SourceVersion "1"]
[SourceVersionDate "1999.07.01"]
[SourceQuality "1"]
[WhiteTeam "Magdeburg"]
[BlackTeam "Porz"]
[WhiteTeamCountry "GER"]
[BlackTeamCountry "GER"]

1. e4 c5 2. Nf3 e6 3. d3 Nc6 4. g3 g6 5. Bg2 Bg7 6. c3 Nge7 7. O-O O-O 8. Be3 b6 9. d4 cxd4 10. cxd4 d5 11. e5 f6 12. Bf4 ({RR} 12. exf6 Bxf6 13. Nc3 Nf5 14. Qd2 Bd7 15. Rfe1 Nxe3 16. Qxe3 Bg7 17. Rad1 Qf6 18. h4 Kh8 19. Ne2 Rae8 20. Nf4 Bh6 21. Ng5 Bg7 22. Nf3 Bh6 23. Ng5 Bg7 24. Nf3 {½-½ (24) Amin,B (2695)-Bellahcene,B (2517) Tornelo INT 2021}) 12... Nf5 13. Nc3 g5 $146 ({RR} 13... Bd7 14. Re1 Rc8 15. Qd2 fxe5 16. dxe5 h6 17. h4 Qc7 18. Rad1 Na5 19. Qe2 Qc4 20. Bc1 Rc7 21. Qxc4 Rxc4 22. Ne2 Re4 23. Nf4 Rxe1+ 24. Rxe1 Kf7 25. Bf1 Rc8 26. Bd3 Nc4 27. h5 Nxe5 28. hxg6+ {Kovalev,A (2550)-Jansa,V (2500) Czech Republic 2005 ½-½ (38)}) 14. exf6 Bxf6 15. Be5 Nxe5 16. Nxe5 Bxe5 17. dxe5 Ba6 18. Re1 Rc8 19. Qa4 Bc4 20. Rad1 a5 21. Ne4 b5 22. Qa3 b4 23. Qa4 Kh8 24. Nf6 Rc5 25. Rd2 Bb5 26. Qd1 Be8 27. Qg4 h6 28. f4 gxf4 29. Qxf4 Qb6 30. Kh1 Rc4 31. Qf3 Kg7 32. b3 Rd4 33. Qf2 Qc5 34. g4 Qc3 35. Rc2 Rf4 36. Qa7+ Rf7 37. Nxe8+ Kf8 38. Rxc3 Rxa7 39. Rc7 1-0

[Event "Bundesliga 9697"]
[Site "Germany"]
[Date "1996.??.??"]
[Round "?.4"]
[White "Vaganian, Rafael A"]
[Black "Piket, Jeroen"]
[Result "1-0"]
[WhiteElo "2595"]
[BlackElo "2580"]
[PlyCount "81"]
[EventDate "1996.10.12"]
[EventType "team-tourn"]
[EventRounds "15"]
[EventCountry "GER"]
[SourceTitle "GER-chT"]
[Source "ChessBase"]
[SourceDate "1999.07.01"]
[SourceVersion "1"]
[SourceVersionDate "1999.07.01"]
[SourceQuality "1"]
[WhiteTeam "Porz"]
[BlackTeam "Solingen"]
[WhiteTeamCountry "GER"]
[BlackTeamCountry "GER"]

1. Nf3 Nf6 2. g3 d5 3. Bg2 c6 4. O-O Bg4 5. d3 Nbd7 6. Nbd2 e5 7. e4 dxe4 8. dxe4 Bc5 9. h3 Bxf3 10. Qxf3 Qe7 ({RR} 10... O-O 11. a4 a5 12. Rd1 Qc7 13. Nc4 Rfe8 14. Bd2 Bd4 15. c3 Bc5 16. h4 b5 17. Ne3 Bf8 18. axb5 cxb5 19. b4 axb4 20. cxb4 Ra4 21. g4 Nb6 22. g5 Nfd7 23. Bf1 Rxa1 24. Rxa1 Nc4 25. Bxc4 {Vaganian,R (2590)-Vandrey,W Germany 1992 1-0 (41)}) 11. a4 a5 12. Nc4 Qe6 13. b3 $146 ({RR} 13. Qe2 h5 14. h4 Qg4 15. Qxg4 hxg4 16. Rd1 Ke7 17. Bg5 Ke6 18. Rd3 Be7 19. f4 Bc5+ 20. Kf1 g6 21. Rad1 b5 22. axb5 cxb5 23. f5+ gxf5 24. exf5+ Kxf5 25. Nd6+ Ke6 26. Bxa8 Rxa8 27. Nxb5 Rc8 {Petrovic,A (2288)-Velikic,A (2226) Pozarevac SRB 2025 1-0 (36)}) 13... Nb6 14. Nxb6 Bxb6 15. Ba3 O-O-O 16. Rfd1 Rxd1+ 17. Rxd1 Rd8 18. Rxd8+ Kxd8 19. Bf1 Ke8 20. Kg2 Nd7 21. Bc4 Qf6 22. Qxf6 Nxf6 23. f3 Nd7 24. f4 Bc5 25. Bc1 Ke7 26. Kf3 h6 27. h4 Bb4 28. Bb2 Bd6 29. Bf1 f6 30. h5 Nc5 31. Bc4 Nd7 32. Kg4 Bb4 33. Kf5 b6 34. Ba6 Be1 35. Bc8 exf4 36. Bxd7 Kxd7 37. gxf4 Ke7 38. Kg6 Bd2 39. f5 Kf8 40. e5 fxe5 41. Bxe5 1-0

[Event "RUS-Cup2"]
[Site "Moscow"]
[Date "1996.??.??"]
[Round "6"]
[White "Vasiukov, Evgeni"]
[Black "Aleksandrov, Aleksej"]
[Result "1-0"]
[WhiteElo "2505"]
[BlackElo "2550"]
[Annotator "Chekhov,Valery A"]
[PlyCount "73"]
[EventDate "1996.11.28"]
[EventType "swiss"]
[EventRounds "9"]
[EventCountry "RUS"]
[SourceTitle "CBM 056 Extra"]
[Source "ChessBase"]
[SourceDate "1997.03.01"]
[SourceVersion "1"]
[SourceVersionDate "1997.03.01"]
[SourceQuality "1"]

1. Nf3 Nf6 2. g3 b5 3. Bg2 Bb7 4. O-O e6 5. d3 d5 6. Nbd2 Nbd7 (6... Be7 7. e4 c5 8. Re1 Nc6 9. h4 O-O 10. e5 Nd7 11. Nf1 Qc7 12. Bf4 a5 13. N1h2 a4 14. a3 $16 {Mojzes,J-Voloshin,L/Lazne Bohdanec/1996/1|0/65/}) 7. e4 dxe4 8. dxe4 (8. Ng5 Be7 9. Ngxe4 Qc8 10. Qe2 O-O 11. a4 a6 $10 {Ledger,A-Arkell,K/London/1992/0|1/41/}) ({RR} 8. Ng5 Be7 9. a4 a6 10. Ngxe4 Rb8 11. axb5 axb5 12. Ra7 Bxe4 13. Nxe4 Nxe4 14. Bxe4 Bc5 15. Ra6 O-O 16. Re1 Bb6 17. Ra1 Nc5 18. Bc6 b4 19. Be3 Qd6 20. Bb5 Rfd8 21. Bc4 b3 22. Bf4 Qd7 {Tica,S (2427)-Kanyamarala,T (2158) chess.com INT 2025 1-0 (50)}) 8... Nxe4 $5 {N/} (8... Be7 9. Qe2 a6 10. e5 Nd5 11. h4 Nc5 12. Rd1 O-O 13. Nb3 Nxb3 14. axb3 $14 {Zarkovic,J-Majeric,Z/YUG/1989/0|1/61/}) (8... Nc5 9. Qe2 a6 10. Rd1 Qc8 11. Nd4 e5 12. N4b3 Bc6 13. Nf3 Nxb3 14. axb3 Bd6 15. Bg5 Qe6 16. Nh4 $36 {Schlosser,P-Schmittdiel,E/GER/1996/1|0/42/}) ({RR} 8... e5 9. Qe2 a6 10. a4 c6 11. Rd1 Qc7 12. Nb3 g6 13. c4 b4 14. c5 a5 15. Qc2 Ba6 16. h3 h6 17. Be3 Be7 18. Nfd2 Kf8 19. Nc4 Bxc4 20. Qxc4 Kg7 21. Rd3 Nf8 22. f4 Nh5 23. fxe5 {Adly,A (2637)-Esipenko,A (2564) Riadh 2017 1-0 (39)}) 9. Nxe4 $146 ({RR} 9. Ng5 Nxd2 10. Bxb7 Nxf1 11. Qh5 g6 12. Qf3 Ne5 13. Bc6+ Nxc6 14. Qxf7# {1-0 (14) Ghasi,A (2485)-Cooper,L (2331) Chess.com INT 2020}) ({RR} 9. Ng5 Nxd2 10. Bxb7 Nxf1 11. Qh5 g6 12. Qf3 Ne5 13. Bc6+ Nxc6 14. Qxf7# {1-0 (14) Ghasi,A (2485)-Cooper,L (2331) Chess.com INT 2020}) 9... Bxe4 10. Qe2 Bc6 11. Rd1 Bd6 12. Bg5 Qc8 13. Nd4 Bxg2 14. Kxg2 (14. Nxe6 fxe6 15. Qxe6+ Kf8 $22 16. Qf5+ Nf6 $19) 14... h6 (14... O-O 15. Nxb5 $16) (14... a6 15. Nxe6 $1 fxe6 16. Qxe6+ Kf8 17. Rxd6 $22 cxd6 18. Be7+ Ke8 19. Bf6+ Kf8 20. Qe7+ $18) 15. Nxe6 hxg5 (15... fxe6 $2 16. Qxe6+ Kf8 17. Rxd6 hxg5 (17... cxd6 18. Be7+ $18) 18. Rxd7 $18) 16. Nxc7+ Kf8 17. Nxa8 Qxa8+ 18. Kg1 Rh6 $17 19. Qxb5 Ne5 20. Qd5 Qc8 $6 (20... Qxd5 21. Rxd5 g4 22. Rad1 Bc7 $17) 21. Re1 Qh3 $2 (21... Qf5 22. Qa8+ Ke7 23. Rad1 $36) (21... Ng4 22. h3 $22 Nxf2 23. Kxf2 Qxc2+ (23... Bxg3+ 24. Kxg3 Qxh3+ 25. Kf2 Qh2+ (25... Rf6+ 26. Ke2 (26. Kg1 Qg4+ 27. Qg2 Qd4+ 28. Kh1 Rh6+ 29. Qh2 Rxh2+ 30. Kxh2 Qxb2 $17) 26... Re6+ 27. Kd2 Qh2+ 28. Kc3 (28. Kd1 Qh5+ 29. Kd2 Qh2+ $10) 28... Qg3+ 29. Qd3 Qc7+ 30. Kd2 Rd6 $13) 26. Ke3 Re6+ (26... Rh3+ 27. Kd4 Qd2+ 28. Kc5 Qxc2+ 29. Kd6 Rh6+ 30. Kd7 $18) 27. Kd3 Qg3+ 28. Kd2 Qf2+ 29. Kd3 Rxe1 30. Rxe1 Qxe1 31. Qd8+ Qe8 32. Qxg5 $10) 24. Kf1 Rf6+ 25. Kg1 Qf2+ 26. Kh1 Qxg3 27. Qg2 $14) 22. Rxe5 Qxh2+ 23. Kf1 Qh3+ 24. Kg1 Qh2+ (24... Bxe5 $4 25. Qd8#) 25. Kf1 Qh3+ 26. Ke1 Kg8 (26... Qh1+ 27. Ke2 $22 Qxa1 28. Qa8+ $18) 27. Re8+ Kh7 28. Rd1 Rf6 29. Qe4+ g6 30. Qa8 Re6+ 31. Rxe6 Qxe6+ 32. Kf1 $18 Be5 33. Kg2 Kg7 34. Qe4 Qf6 35. b4 Bc3 36. Rd3 Kh7 37. Qf3 (37. Qf3 Qxf3+ 38. Rxf3 Bxb4 39. Rxf7+ $18) 1-0